000 00662nam a2200241Ia 4500
003 OSt
005 20221006143013.0
006 a|||||r|||| 00| 0
007 ta
008 221006b |||||||| |||| 00| 0 eng d
024 _a7,770
037 _bGift, Japan Fpundation
_cTextual
040 _aEASL
_cEASL
_beng
041 _2eng
_aeng
082 _aY:5.42.N5, J8
100 _aTAEUBER Irene B
245 0 _aPopulation of Japan
260 _aPrinceton
_bPrinceton University
_c1958
300 _a461p.
_ccm.
490 _v JEL
942 _hY:5.42.N5, J8
_cTEXL
_2CC
999 _c1075856
_d1075856